Philippine History: (Record no. 5641)
[ view plain ]
| 000 -LEADER | |
|---|---|
| fixed length control field | 00739nam a22001937a 4500 |
| 008 - FIXED-LENGTH DATA ELEMENTS--GENERAL INFORMATION | |
| fixed length control field | 161115b xxu||||| |||| 00| 0 eng d |
| 020 ## - INTERNATIONAL STANDARD BOOK NUMBER | |
| International Standard Book Number | 978-971-0161-54-6 |
| 082 ## - DEWEY DECIMAL CLASSIFICATION NUMBER | |
| Edition number | 2014 |
| Classification number | DFil 959.9 |
| Item number | D38p |
| 100 ## - MAIN ENTRY--PERSONAL NAME | |
| 9 (RLIN) | 17311 |
| Personal name | Delos Santos, Andres R. |
| 245 ## - TITLE STATEMENT | |
| Title | Philippine History: |
| Remainder of title | a review on the continuous tribulations and triumphs/ |
| Statement of responsibility, etc. | Andres R. Delos Santos, Orlando H. Ramos and Vanessa D. Umali. |
| 250 ## - EDITION STATEMENT | |
| Edition statement | Second Edition |
| 260 ## - PUBLICATION, DISTRIBUTION, ETC. (IMPRINT) | |
| Place of publication, distribution, etc. | Malabon City: |
| Name of publisher, distributor, etc. | Jimczyville Publications, |
| Date of publication, distribution, etc. | c2014. |
| 300 ## - PHYSICAL DESCRIPTION | |
| Extent | vi, 288 pages: |
| Other physical details | illustrations; |
| Dimensions | 26 cm. |
| 500 ## - GENERAL NOTE | |
| General note | Includes bibliographical references. |
| 650 #0 - SUBJECT ADDED ENTRY--TOPICAL TERM | |
| 9 (RLIN) | 17312 |
| Topical term or geographic name as entry element | Philippine -- History. |
| 700 ## - ADDED ENTRY--PERSONAL NAME | |
| 9 (RLIN) | 17313 |
| Personal name | Ramos, Orlando H. |
| 700 ## - ADDED ENTRY--PERSONAL NAME | |
| 9 (RLIN) | 17314 |
| Personal name | Umali, Vanessa D. |
| 942 ## - ADDED ENTRY ELEMENTS (KOHA) | |
| Source of classification or shelving scheme | Dewey Decimal Classification |
| Koha item type | Filipiniana |
| Withdrawn status | Lost status | Source of classification or shelving scheme | Damaged status | Not for loan | Collection code | Home library | Current library | Shelving location | Date acquired | Source of acquisition | Total Checkouts | Total Renewals | Full call number | Barcode | Date last seen | Date last checked out | Price effective from | Koha item type |
|---|---|---|---|---|---|---|---|---|---|---|---|---|---|---|---|---|---|---|
| Dewey Decimal Classification | Filipiniana | UM Digos College - LIC | UM Digos College - LIC | Book Cart | 10/27/2016 | Purchased | 6 | 1 | DFil 959.9 D38p 2014 | 24384 | 05/15/2025 | 10/12/2023 | 11/15/2016 | Filipiniana |
